<?xml version="1.0" encoding="UTF-8"?><?xml-stylesheet type="text/xsl" href="static/style.xsl"?><OAI-PMH xmlns="http://www.openarchives.org/OAI/2.0/" xmlns:xsi="http://www.w3.org/2001/XMLSchema-instance" xsi:schemaLocation="http://www.openarchives.org/OAI/2.0/ http://www.openarchives.org/OAI/2.0/OAI-PMH.xsd"><responseDate>2026-04-17T00:47:00Z</responseDate><request verb="GetRecord" identifier="oai:www.recercat.cat:2117/442122" metadataPrefix="marc">https://recercat.cat/oai/request</request><GetRecord><record><header><identifier>oai:recercat.cat:2117/442122</identifier><datestamp>2026-01-21T09:32:42Z</datestamp><setSpec>com_2072_1033</setSpec><setSpec>col_2072_452950</setSpec></header><metadata><record xmlns="http://www.loc.gov/MARC21/slim" xmlns:dcterms="http://purl.org/dc/terms/" xmlns:xsi="http://www.w3.org/2001/XMLSchema-instance" xmlns:doc="http://www.lyncode.com/xoai" xsi:schemaLocation="http://www.loc.gov/MARC21/slim http://www.loc.gov/standards/marcxml/schema/MARC21slim.xsd">
   <leader>00925njm 22002777a 4500</leader>
   <datafield ind2=" " ind1=" " tag="042">
      <subfield code="a">dc</subfield>
   </datafield>
   <datafield ind2=" " ind1=" " tag="720">
      <subfield code="a">Menargues Muñoz, Sergi</subfield>
      <subfield code="e">author</subfield>
   </datafield>
   <datafield ind2=" " ind1=" " tag="720">
      <subfield code="a">Navas López, Javier Antonio</subfield>
      <subfield code="e">author</subfield>
   </datafield>
   <datafield ind2=" " ind1=" " tag="720">
      <subfield code="a">Espinosa Hernández, Isabel</subfield>
      <subfield code="e">author</subfield>
   </datafield>
   <datafield ind2=" " ind1=" " tag="720">
      <subfield code="a">Baile Puig, Maria Teresa</subfield>
      <subfield code="e">author</subfield>
   </datafield>
   <datafield ind2=" " ind1=" " tag="720">
      <subfield code="a">Vaz, Rodolpho Fernando</subfield>
      <subfield code="e">author</subfield>
   </datafield>
   <datafield ind2=" " ind1=" " tag="720">
      <subfield code="a">Picas Barrachina, Josep Anton</subfield>
      <subfield code="e">author</subfield>
   </datafield>
   <datafield ind2=" " ind1=" " tag="260">
      <subfield code="c">2025-08-27</subfield>
   </datafield>
   <datafield ind2=" " ind1=" " tag="520">
      <subfield code="a">Copyright: © 2025 by the authors. Licensee MDPI, Basel, Switzerland. This article is an open access article distributed under the terms and conditions of the Creative Commons Attribution (CC BY) license (https://creativecommons.org/licenses/by/4.0/).</subfield>
   </datafield>
   <datafield ind2=" " ind1=" " tag="520">
      <subfield code="a">Additive manufacturing has emerged as a promising technology to fabricate customized polymer parts, but the mechanical performance of printed components often falls short of bulk material properties. Among the different techniques, fused filament fabrication is the most accessible and widely adopted. However, previous studies addressing its processing parameters have produced fragmented or contradictory conclusions, limiting the ability to establish guidelines for mechanical optimization. This work addresses this gap by systematically investigating the influence of key parameters—extrusion temperature, printing speed, infill type and density, layer height, and number of walls—on the tensile properties of three commonly used thermoplastics: PLA, ABS, and PETG. A total of 495 standardized specimens were produced and tested under controlled conditions. The results demonstrate that increasing infill density and wall number consistently enhances tensile strength, with PLA showing an improvement of 1173 N when infill was raised from 20 to 80%, and PETG doubling its strength from 559 N with one wall to 1207 N with five walls. Layer height also had a positive effect, with PLA rising from 995 N at 0.10 mm to 1355 N at 0.30 mm. In contrast, higher printing speeds reduced mechanical performance (PLA decreased by 13% between 20 and 50 mm·s-1). Temperature exhibited material-dependent trends: PLA benefited up to 230 °C (+17%), while ABS strength decreased beyond 220 °C. Overall, the study provides a quantitative assessment of how processing parameters control mechanical reliability in polymer parts, offering practical guidelines for improved design and manufacturing.</subfield>
   </datafield>
   <datafield ind2=" " ind1=" " tag="520">
      <subfield code="a">Funding: R.F.V. thanks the Government of Catalonia Agency for Administration of University and Research Grants, grant number 2021SGR00712.</subfield>
   </datafield>
   <datafield ind2=" " ind1=" " tag="520">
      <subfield code="a">Peer Reviewed</subfield>
   </datafield>
   <datafield ind2=" " ind1=" " tag="520">
      <subfield code="a">Postprint (published version)</subfield>
   </datafield>
   <datafield tag="653" ind2=" " ind1=" ">
      <subfield code="a">Àrees temàtiques de la UPC::Enginyeria dels materials</subfield>
   </datafield>
   <datafield tag="653" ind2=" " ind1=" ">
      <subfield code="a">Additive manufacturing</subfield>
   </datafield>
   <datafield tag="653" ind2=" " ind1=" ">
      <subfield code="a">Fused filament fabrication</subfield>
   </datafield>
   <datafield tag="653" ind2=" " ind1=" ">
      <subfield code="a">Strength</subfield>
   </datafield>
   <datafield tag="653" ind2=" " ind1=" ">
      <subfield code="a">PLA</subfield>
   </datafield>
   <datafield tag="653" ind2=" " ind1=" ">
      <subfield code="a">ABS</subfield>
   </datafield>
   <datafield tag="653" ind2=" " ind1=" ">
      <subfield code="a">PETG</subfield>
   </datafield>
   <datafield ind2="0" ind1="0" tag="245">
      <subfield code="a">Effect of additive manufacturing parameters on PLA, ABS, and PETG strength</subfield>
   </datafield>
</record></metadata></record></GetRecord></OAI-PMH>